Decreto de Ordenación y Estatutos de la Cruz Roja Española : año 1988 / Cruz Roja Española año 1988 / Cruz Roja Española
Publicado:
Madrid :
Cruz Roja Española, Departamento de Información, Relaciones Públicas y Publicaciones, D.L. 1988
Descripción Física:
47 p. ; 21 cm
Colección:
Cuadernos de la Cruz Roja Española ; 5
Materias:
Creu Roja Espanyola -- Estatuts
MARC
| LEADER | 00000nam a2200000Ia 4500 | ||
|---|---|---|---|
| 001 | 15894 | ||
| 008 | 160829s9999 xx 000 0 cat d | ||
| 080 | |a FU-40-42 | ||
| 110 | 2 | |a Creu Roja Espanyola |9 55245 | |
| 245 | |a Decreto de Ordenación y Estatutos de la Cruz Roja Española : |b año 1988 / Cruz Roja Española | ||
| 260 | |a Madrid : |b Cruz Roja Española, Departamento de Información, Relaciones Públicas y Publicaciones, D.L. 1988 | ||
| 300 | |a 47 p. ; |c 21 cm | ||
| 490 | |a Cuadernos de la Cruz Roja Española ; 5 | ||
| 590 | |a Prové de Q-697 | ||
| 610 | 2 | 0 | |a Creu Roja Espanyola |x Estatuts |9 55246 |
| 901 | |a Arxiu | ||
| 942 | |n 1 | ||
| 952 | |0 0 |1 0 |4 0 |6 FU4042 |7 1 |9 53428 |a Arxiu |b Arxiu |d 2016-12-01 |l 0 |o FU-40-42 |p 15894 |r 2016-12-01 00:00:00 |w 2016-12-01 |y ARXIU | ||
| 999 | |c 57294 |d 57294 | ||